¡Alarma en la jungla! (Registro nro. 68327)
[ vista simple ]
| 000 -LÍDER | |
|---|---|
| Campo fijo de descripción fija | 00645nam a2200217 i 4500 |
| 001 - NÚMERO DE CONTROL | |
| Campo de control | BINCO |
| 003 - IDENTIFICADOR DEL NÚMERO DE CONTROL | |
| Campo de control | CO-MdBIC |
| 005 - FECHA Y HORA DE LA ULTIMA TRANSACCIÓN | |
| control field | 20221102170502.0 |
| 008 - ELEMENTOS DE LONGITUD FIJA -- INFORMACIÓN GENERAL | |
| Campo fijo de descripción fija -- Información general | 221102b2005 sp a|||| |||| 00| 0 spa d |
| 020 ## - NÚMERO INTERNACIONAL NORMALIZADO PARA LIBROS | |
| Número Internacional Normalizado del libro | 8478649492 |
| 040 ## - FUENTE DE CATALOGACIÓN | |
| Agencia de catalogación original | CO-MdBIC |
| Idioma de catalogación | spa. |
| Agencia que realiza la transcripción | CO-MdBIC |
| Agencia que realiza la modificación | CO-MdBIC |
| 041 ## - CÓDIGO DE IDIOMA | |
| Código de idioma para texto/pista de sonido o título separado | spa |
| 082 ## - NÚMERO DE CLASIFICACIÓN DECIMAL DEWEY | |
| Número de la edición del Dewey | 22 |
| Número de clasificación | 863 |
| Clave de autor-Numero de item | J65 |
| 100 ## - ASIENTO PRINCIPAL--NOMBRE PERSONAL | |
| Nombre personal | O'leary, John |
| 245 ## - TÍTULO | |
| Título del Material | ¡Alarma en la jungla! |
| 264 ## - PRODUCCIÓN, PUBLICACIÓN, DISTRIBUCIÓN, MANUFACTURA, Y COPYRIGHT | |
| Lugar de producción, publicación, distribución, manufactura | Barcelona: |
| Nombre del productor, publicador, distribuidor | Combel Editorial; |
| Fecha de producción, publicación, distribución, manufactura, o copyright | ©2005 |
| 300 ## - DESCRIPCIÓN FÍSICA | |
| Extensión | 25Páginas: |
| Otros detalles físicos | Ilustraciones a color; |
| Dimensiones | 23cm. |
| 505 ## - NOTA DE CONTENIDO | |
| Nota de contenido con formato preestablecido | Seis monos juegan en la jungla.<br/>Pero se acerca un leopardo y...<br/>¡ahora sólo quedan cinco! |
| 650 ## - ASIENTO SECUNDARIO DE MATERIA - TERMINO TEMÁTICO | |
| Subdivisión general | Animales |
| 942 ## - TIPO DE MATERIAL (KOHA) | |
| Tipo de Item KOHA | Z- Libro General BINCO |
| Estado de Material | Estado de Perdido | Forma de Clasificación | Estado de Dañado | No para Préstamo | Colección | Biblioteca de Origen | Biblioteca Permanente | Fecha de Adquisición | Área | Total de Préstamos | Total de Renovaciones | Signatura Topográfica | Código de Barras | Última vez visto | Última vez Préstado | Fecha de Remplazo | Tipo de Material |
|---|---|---|---|---|---|---|---|---|---|---|---|---|---|---|---|---|---|
| Dewey Decimal Classification | Colección General | Biblioteca Infantil Comunitaria BINCO | Biblioteca Infantil Comunitaria BINCO | 02/11/2022 | BINCO | 12 | 1 | 863 J65 | B31001 | 20/03/2025 | 03/03/2025 | 02/11/2022 | Z- Libro General BINCO |
